00987naa a22002897a 4500001001000000003000900010005001700019007000300036008003400039040005400073041000900127072002000136090001800156100001700174111006300191245005100254260004000305500009600345650002000441650001100461650001300472650001000485909003600495942001400531999001900545952013300564BR6009545BR-BrBNA20240918173038.0ta230509b bl.||||| |||| 00| 0 por d aBR-BrBNAbporcBiblioteca Nacional de Agricultura a(Pt) aL00b5212b8968 aL00 BR60095451 aPimentel, F.1 a8. Congresso RuralcPorto Alegre, RS (Brazil)d10 Jul 19341 aA marcacao do gado [Bovino; Bos taurus; Couro]3 aPorto Alegre, RS (Brasil): c1934.  aAnnaes do 8. Congresso Rural Porto Alegre, RS (Brasil): 1934. p. 327-331 (BR6009545-AM)L00  aProducao animal aBovino aMarcacao aCouro a202404bLuciac55dLucia Elande cAM2AGRIS c302627d302627 002AGRIS40708Acervo Gerala41918b41918cAgrobasel0r2024-05-20t01yAM10d2024-04-11ePortaria Interministerial nÂș 164/94